000 00311nam a2200121Ia 4500
008 191201s2007 xx 000 0 und d
100 _aJOHAR, K L
245 0 _aMartyr Bhagat Singh: An Intimate View
260 _aYamunanagar
_bSneh Prakashan
_c2007
300 _a368
650 _aGeneral Books
942 _2ddc
_cBK
999 _c3315
_d3315